<?xml version="1.0" encoding="UTF-8"?><?xml-stylesheet type="text/xsl" href="static/style.xsl"?><OAI-PMH xmlns="http://www.openarchives.org/OAI/2.0/" xmlns:xsi="http://www.w3.org/2001/XMLSchema-instance" xsi:schemaLocation="http://www.openarchives.org/OAI/2.0/ http://www.openarchives.org/OAI/2.0/OAI-PMH.xsd"><responseDate>2026-04-13T04:43:10Z</responseDate><request verb="GetRecord" identifier="oai:www.recercat.cat:2072/456454" metadataPrefix="marc">https://recercat.cat/oai/request</request><GetRecord><record><header><identifier>oai:recercat.cat:2072/456454</identifier><datestamp>2024-11-01T00:22:27Z</datestamp><setSpec>com_2072_98</setSpec><setSpec>col_2072_378192</setSpec></header><metadata><record xmlns="http://www.loc.gov/MARC21/slim" xmlns:dcterms="http://purl.org/dc/terms/" xmlns:xsi="http://www.w3.org/2001/XMLSchema-instance" xmlns:doc="http://www.lyncode.com/xoai" xsi:schemaLocation="http://www.loc.gov/MARC21/slim http://www.loc.gov/standards/marcxml/schema/MARC21slim.xsd">
   <leader>00925njm 22002777a 4500</leader>
   <datafield ind2=" " ind1=" " tag="042">
      <subfield code="a">dc</subfield>
   </datafield>
   <datafield ind2=" " ind1=" " tag="720">
      <subfield code="a">Picornell, Mercè</subfield>
      <subfield code="e">author</subfield>
   </datafield>
   <datafield ind2=" " ind1=" " tag="260">
      <subfield code="c">2018</subfield>
   </datafield>
   <datafield ind2=" " ind1=" " tag="520">
      <subfield code="a">En aquest article em propòs reflexionar sobre la recerca de mecanismes de representació literària de la diferència cultural i econòmica que es proposen erosionar la separació que justifica la dicotomia jo/altre. Ho faré a partir de l'estudi d'un cas concret: el volum La pell de la frontera (2014) de Francesc Serés. Aquest llibre contribuí a difondre la situació desesperada de molts migrants, així com també a denunciar la desatenció institucional davant d'uns canvis socials, econòmics i demogràfics que han modificat d'arrel la composició de molts pobles del Baix Cinca i del Segrià. En la meva lectura partiré de la hipòtesi que la representació dels objectes emprats i dels escenaris ruïnosos serveix a Serés per bastir un relat sobre el contacte amb la diferència que erosioni la barra mateixa de la dicotomia jo/altre. Estructuraré la meva interpretació en tres parts, on estudiaré: a) el procés de desplaçament de la posició d'autor, b) l'ús dels objectes usats com a lloc de contacte amb un altre que no es vol representar com a tal i c) l'erosió de la identitat de l'autor i de la representativitat de l'altre en un marc col·lectiu.</subfield>
   </datafield>
   <datafield ind2=" " ind1=" " tag="520">
      <subfield code="a">In this paper, I reflect on the research of mechanisms of literary representation of cultural and economical difference that intend to erode the separation that justifies the I/Other dichotomy I focus on the study of La pell de la frontera (2014) by Francesc Serés. This book contributed to the report of the plight of migrants and the government's inaction on the social, economical and demographic changes that affected many villages of Baix Cinca and Segrià. I hypothesize that Serés uses the representation of used objects and ruined landscapes to build a story about a difference that could erode the limits designed by the dichotomy I/Other. My paper is structured in three sections, where it is analyzed: a) the process of deplacement of the author's function, b) the use of used objects as a meeting point with an Other that is not represented as «the» Other, and c) the erosion of the identity of the author and of the representativeness of the other in a collective frame</subfield>
   </datafield>
   <datafield ind1="8" ind2=" " tag="024">
      <subfield code="a">http://hdl.handle.net/2072/456454</subfield>
   </datafield>
   <datafield tag="653" ind2=" " ind1=" ">
      <subfield code="a">Alteritat</subfield>
   </datafield>
   <datafield tag="653" ind2=" " ind1=" ">
      <subfield code="a">Migracions en la literatura catalana</subfield>
   </datafield>
   <datafield tag="653" ind2=" " ind1=" ">
      <subfield code="a">Objectes usats</subfield>
   </datafield>
   <datafield tag="653" ind2=" " ind1=" ">
      <subfield code="a">Ruïnes de la contemporaneïtat</subfield>
   </datafield>
   <datafield tag="653" ind2=" " ind1=" ">
      <subfield code="a">Gir material</subfield>
   </datafield>
   <datafield tag="653" ind2=" " ind1=" ">
      <subfield code="a">Alterity</subfield>
   </datafield>
   <datafield tag="653" ind2=" " ind1=" ">
      <subfield code="a">Migrations in Catalan literature</subfield>
   </datafield>
   <datafield tag="653" ind2=" " ind1=" ">
      <subfield code="a">Used objects</subfield>
   </datafield>
   <datafield tag="653" ind2=" " ind1=" ">
      <subfield code="a">Contemporary ruins</subfield>
   </datafield>
   <datafield tag="653" ind2=" " ind1=" ">
      <subfield code="a">Material turn</subfield>
   </datafield>
   <datafield ind2="0" ind1="0" tag="245">
      <subfield code="a">Contra l'alteritat. L'erosió de la dicotomia jo/altre a «La pell de la frontera» (2016), de Francesc Serés</subfield>
   </datafield>
</record></metadata></record></GetRecord></OAI-PMH>